| 000 | 00500nam a2200193Ia 4500 | ||
|---|---|---|---|
| 008 | 170918s9999 xx 000 0 und d | ||
| 020 | _a9780545445481 | ||
| 050 | _bH747 2007 | ||
| 100 | _aHolm, Jennifer L. | ||
| 245 | _aMiddle school is worse than meatloaf : | ||
| 245 | _ba year told through stuff / | ||
| 245 | _cby Jennifer L. Holm. | ||
| 260 | _aNew York : | ||
| 260 | _bScholastic, | ||
| 260 | _c2007 | ||
| 300 | _aunpaged : | ||
| 300 | _bcolored illustrations ; | ||
| 300 | _c21cm. | ||
| 999 |
_c343901 _d343901 |
||